水滸傳
| 資料類型: | 圖書 | 書目號: | 3765 |
Leader xxxxxxxxxx 001 __ PCLIS00003765 005 __ 20210717152111.0 010 0_ |b上冊 : 精裝|dNT$150 010 0_ |b下冊 : 精裝|dNT$150 100 __ |a19870509d1989 m y0chiy09 e 101 0_ |achi 102 __ |atw 105 __ |aa z 000ay 200 1_ |a水滸傳|f(明)施耐庵著 205 __ |a再版 210 __ |a臺北巿|c桂冠圖書|d1989 215 0_ |a2冊(949面)|d22公分 225 1_ |a中國古典文學名著 300 __ |a版權頁誤題(清)施耐庵著 300 __ |a本館最新館藏為1992年 300 __ |a語文--中國古典文學 700 _1 |s明|a施|b耐庵|4著 801 _0 |atw|b內湖高中|c20010622|gCCR |